000 00668nam a2200205Ia 4500
003 GCL
008 140319s9999 xx 000 0 ara d
040 _aGCL /
_cGCL
082 0 4 _a811.00926
_bع ق
100 1 _aعلى النجدى ناصف
245 1 0 _aالقصة فى الشعر العربى الى اوائل القرن الثانى الهجرى /
_cعلى النجدى ناصف
260 _a[S.N] :
_bدار نهضة مصر للطبع والنشر
300 _a262 ص
490 _a
650 0 4 _aالشعر العربى
650 0 4 _aالادب العربى
650 0 4 _aالشعر القصصى
650 0 4 _aتاريخ ونقد
942 _2ddc
_cBK
999 _c31658
_d31658